[Event "ENG-ch Seniors 65"]
[Site "Milton Keynes"]
[Date "2021.10.07"]
[Round "4"]
[White "O'Gorman, Brendan"]
[Black "Fisher, C Phillip"]
[Result "1-0"]
[WhiteElo "1691"]
[BlackElo "1854"]
[PlyCount "67"]
[EventDate "2021.10.04"]
[EventType "swiss"]
[EventRounds "7"]
[EventCountry "ENG"]
[SourceTitle "EXT 2023"]
[Source "ChessBase"]
[SourceDate "2022.10.05"]
[SourceVersion "1"]
[SourceVersionDate "2022.10.05"]
[SourceQuality "1"]

1. c4 b6 2. Nc3 Bb7 3. e4 d6 4. Nf3 g6 5. d4 Bg7 6. Be2 e6 7. 0-0 Nd7 8. Be3 Ne7 9. Qd2 h6 10. Rac1 a6 11. d5 e5 12. b4 g5 13. Ne1 Ng6 14. g3 Bc8 15. Ng2 Nf6 16. f4 gxf4 17. gxf4 exf4 18. Nxf4 Nxf4 19. Rxf4 h5 20. Rcf1 Rg8 21. Kh1 Bh3 22. R1f2 Qe7 23. Bd4 Bh6 24. Bxf6 Bxf4 25. Qxf4 Qd7 26. e5 Bg4 27. exd6 Qxd6 28. Qxd6 cxd6 29. Ne4 Bxe2 30. Rxe2 Kd7 31. Bd4 Kc7 32. Nf6 b5 33. Re7+ Kd8 34. Nxg8 1-0

[Event "GBR-ch 65+ 106th"]
[Site "Torquay"]
[Date "2019.08.03"]
[Round "6.13"]
[White "Fisher, C Phillip"]
[Black "Bowmer, Kevin"]
[Result "0-1"]
[WhiteElo "1843"]
[BlackElo "2107"]
[PlyCount "62"]
[EventDate "2019.07.29"]
[EventType "swiss"]
[EventRounds "7"]
[EventCountry "ENG"]
[SourceTitle "EXT 2021"]
[Source "ChessBase"]
[SourceDate "2020.10.23"]
[SourceVersion "1"]
[SourceVersionDate "2020.10.23"]
[SourceQuality "1"]

1. e4 c5 2. Nf3 d6 3. d4 cxd4 4. Nxd4 Nf6 5. Nc3 Nc6 6. f3 e6 7. Be3 Be7 8. Qd2 0-0 9. 0-0-0 a6 10. Kb1 Nxd4 11. Bxd4 b5 12. g4 Bb7 13. h4 Rc8 14. Bd3 Nd7 15. h5 Ne5 16. Bxe5 dxe5 17. Qh2 Qc7 18. Rdg1 Bg5 19. Nd1 b4 20. Nf2 a5 21. Nh3 f6 22. h6 g6 23. Nxg5 fxg5 24. Qe2 Qc5 25. Rd1 a4 26. Rhf1 a3 27. Qd2 axb2 28. Qxg5 Ra8 29. Kxb2 Qc3+ 30. Kb1 Rxa2 31. Kxa2 Ra8+ 0-1

[Event "GBR-ch 65+ 106th"]
[Site "Torquay"]
[Date "2019.08.02"]
[Round "5.15"]
[White "Stimpson, Philip M"]
[Black "Fisher, C Phillip"]
[Result "1/2-1/2"]
[WhiteElo "1935"]
[BlackElo "1843"]
[PlyCount "103"]
[EventDate "2019.07.29"]
[EventType "swiss"]
[EventRounds "7"]
[EventCountry "ENG"]
[SourceTitle "EXT 2021"]
[Source "ChessBase"]
[SourceDate "2020.10.23"]
[SourceVersion "1"]
[SourceVersionDate "2020.10.23"]
[SourceQuality "1"]

1. e4 c5 2. Nc3 Nc6 3. f4 g6 4. Nf3 Bg7 5. Bb5 Nd4 6. 0-0 a6 7. Bd3 e6 8. Nxd4 cxd4 9. Ne2 Ne7 10. c3 Nc6 11. e5 d6 12. Nxd4 dxe5 13. Nxc6 Qb6+ 14. Kh1 Qxc6 15. fxe5 Bxe5 16. Qf3 Qxf3 17. Rxf3 f5 18. Bc2 Bc7 19. d4 Kf7 20. Bf4 Bxf4 21. Rxf4 Re8 22. Re1 Bd7 23. Rf2 Re7 24. Re5 Kf6 25. h4 Bc6 26. Kh2 Rd8 27. Kg3 Rd5 28. Kf4 h6 29. Rfe2 g5+ 30. hxg5+ hxg5+ 31. Kg3 Rxe5 32. Rxe5 Bd5 33. Bxf5 Bxa2 34. Be4 b5 35. Kg4 Rg7 36. Rc5 Bc4 37. b4 Be2+ 38. Kg3 Ra7 39. Rc8 a5 40. bxa5 Rxa5 41. Rc5 Ra3 42. Bc6 Bc4 43. Bxb5 Bxb5 44. Rxb5 Rxc3+ 45. Kg4 Rc4 46. Rxg5 Rxd4+ 47. Kh5 Rd5 48. Rxd5 exd5 49. Kg4 Ke5 50. Kf3 Kd4 51. Ke2 Ke4 52. g3 1/2-1/2

[Event "GBR-ch 65+ 106th"]
[Site "Torquay"]
[Date "2019.07.30"]
[Round "2"]
[White "Fisher, C Phillip"]
[Black "Rhodes, Lawrence"]
[Result "1-0"]
[WhiteElo "1843"]
[BlackElo "1607"]
[PlyCount "41"]
[EventDate "2019.07.29"]
[EventType "swiss"]
[EventRounds "7"]
[EventCountry "ENG"]
[SourceTitle "EXT 2020"]
[Source "ChessBase"]
[SourceDate "2019.10.17"]
[SourceVersion "1"]
[SourceVersionDate "2019.10.17"]
[SourceQuality "1"]

1. e4 g6 2. d4 Bg7 3. Nc3 d6 4. f4 a6 5. Be3 Nd7 6. Nf3 b5 7. Bd3 Bb7 8. h3 h5 9. e5 e6 10. 0-0 Nh6 11. Bf2 Bxf3 12. Qxf3 d5 13. Ne2 Bf8 14. g4 hxg4 15. hxg4 f5 16. exf6 Qxf6 17. g5 Qg7 18. gxh6 Qxh6 19. Bg3 c5 20. Kf2 c4 21. Rh1 1-0

[Event "BCF-ch Seniors 65"]
[Site "Hull"]
[Date "2018.08.04"]
[Round "7"]
[White "Collins, Peter M"]
[Black "Fisher, C Phillip"]
[Result "1/2-1/2"]
[WhiteElo "1901"]
[BlackElo "1815"]
[PlyCount "98"]
[EventDate "2018.07.29"]
[EventType "swiss"]
[EventRounds "7"]
[EventCountry "ENG"]
[SourceTitle "EXT 2021"]
[Source "ChessBase"]
[SourceDate "2020.10.23"]
[SourceVersion "1"]
[SourceVersionDate "2020.10.23"]
[SourceQuality "1"]

1. d4 Nf6 2. c4 g6 3. Nc3 d5 4. e3 Bg7 5. Nf3 0-0 6. Be2 e6 7. b3 c5 8. 0-0 b6 9. Bb2 Bb7 10. Na4 Ne4 11. dxc5 Bxb2 12. Nxb2 Nc3 13. Qc2 Nxe2+ 14. Qxe2 bxc5 15. Rac1 Qf6 16. Nd3 dxc4 17. Nxc5 Bxf3 18. Qxf3 Qxf3 19. gxf3 cxb3 20. Nxb3 Nd7 21. Rc7 Ne5 22. f4 Nf3+ 23. Kg2 Nh4+ 24. Kh3 Nf5 25. Rd1 a5 26. Rdd7 a4 27. Nc5 Ng7 28. Ra7 a3 29. Rxf7 Rxa7 30. Rxa7 Rc8 31. Ne4 Nh5 32. Rxa3 Rc4 33. Ng5 Rc2 34. Ra8+ Kg7 35. Ra7+ Kf8 36. Nxe6+ Ke8 37. Kg2 Nf6 38. Nd4 Rb2 39. Kf3 h5 40. h3 Nd5 41. Ra3 Rd2 42. Ke4 Nf6+ 43. Ke5 Nd7+ 44. Kd6 Nb6 45. Ke6 Rxf2 46. Rb3 Nd7 47. Kd6 Rxa2 48. Rb7 Ra6+ 49. Nc6 Nf6 1/2-1/2

[Event "BCF-ch Seniors 65"]
[Site "Hull"]
[Date "2018.08.01"]
[Round "4"]
[White "Fisher, C Phillip"]
[Black "McKerracher, Douglas"]
[Result "1/2-1/2"]
[WhiteElo "1815"]
[BlackElo "1897"]
[PlyCount "110"]
[EventDate "2018.07.29"]
[EventType "swiss"]
[EventRounds "7"]
[EventCountry "ENG"]
[SourceTitle "CBM 185 Extra"]
[Source "ChessBase"]
[SourceDate "2018.07.29"]
[SourceVersion "1"]
[SourceVersionDate "2018.07.29"]
[SourceQuality "1"]

1. e4 d5 2. exd5 Qxd5 3. Nf3 Bg4 4. Be2 Nc6 5. c4 Qd7 6. d4 0-0-0 7. d5 Bxf3 8. Bxf3 Ne5 9. Be2 e6 10. Nc3 Nf6 11. Be3 exd5 12. cxd5 Nxd5 13. Nxd5 Qxd5 14. Qxd5 Rxd5 15. f4 Nc6 16. Bf3 Rd6 17. Rc1 Nb4 18. Ke2 Kb8 19. Rhd1 Rxd1 20. Rxd1 Bd6 21. a3 Na6 22. b4 Re8 23. Kf2 Ka8 24. g3 Kb8 25. Rd5 g6 26. b5 Rxe3 27. Kxe3 Nc5 28. Ke2 Kc8 29. a4 Nxa4 30. Rd3 Nc5 31. Rc3 Ne6 32. Kd3 Nc5+ 33. Kd4 Na4 34. Rc2 Nb6 35. Bd5 Nxd5 36. Kxd5 Kd7 37. Ra2 h5 38. Rxa7 b6 39. Ra8 h4 40. Rh8 hxg3 41. hxg3 g5 42. Rh7 Ke7 43. Ke4 gxf4 44. gxf4 Kf6 45. Rh5 Kg6 46. Rg5+ Kf6 47. Rd5 Ke6 48. Rh5 Kf6 49. f5 Bc5 50. Rh6+ Ke7 51. Kd5 Bd6 52. Kc6 Be5 53. f6+ Ke6 54. Kb7 Bd6 55. Kc6 Be5 1/2-1/2

[Event "BCF-ch Seniors 65"]
[Site "Llandudno"]
[Date "2017.07.30"]
[Round "1"]
[White "Fisher, C Phillip"]
[Black "Van Kemenade, Rudy"]
[Result "1-0"]
[WhiteElo "1729"]
[BlackElo "1985"]
[PlyCount "65"]
[EventDate "2017.07.30"]
[EventType "swiss"]
[EventRounds "7"]
[EventCountry "WLS"]
[SourceTitle "CBM 179 Extra"]
[Source "ChessBase"]
[SourceDate "2017.08.23"]
[SourceVersion "1"]
[SourceVersionDate "2017.08.23"]
[SourceQuality "1"]

1. e4 d6 2. d4 Nf6 3. Nc3 e5 4. dxe5 dxe5 5. Qxd8+ Kxd8 6. Bg5 c6 7. 0-0-0+ Kc7 8. f3 Be6 9. Nge2 Nfd7 10. f4 f6 11. Bh4 Bc5 12. f5 Bf7 13. h3 a5 14. g4 Nb6 15. Ng3 N8d7 16. Nh5 Rhg8 17. Be2 Bd4 18. a3 Bxc3 19. bxc3 Na4 20. Be1 Nac5 21. Bf3 Nb6 22. Rg1 Nc4 23. Bf2 Na4 24. g5 Nxc3 25. Rd3 Nxe4 26. Bxe4 Bxh5 27. gxf6 gxf6 28. Rdg3 Bf7 29. Rg7 Nd6 30. Rxh7 Nxe4 31. Rxf7+ Kd6 32. Rd1+ Nd2 33. Rxd2# 1-0

[Event "Douglas IoM Major op"]
[Site "Douglas"]
[Date "2016.10.04"]
[Round "2"]
[White "Buckley, Colm"]
[Black "Fisher, C Phillip"]
[Result "1-0"]
[WhiteElo "1927"]
[BlackElo "1730"]
[PlyCount "85"]
[EventDate "2016.10.03"]
[EventType "swiss"]
[EventRounds "7"]
[EventCountry "IOM"]
[SourceTitle "EXT 2019"]
[Source "ChessBase"]
[SourceDate "2018.10.10"]
[SourceVersion "1"]
[SourceVersionDate "2018.10.10"]
[SourceQuality "1"]

1. d4 d5 2. c4 c6 3. e3 Nf6 4. Nc3 Bf5 5. Qb3 Qb6 6. Qxb6 axb6 7. cxd5 Nxd5 8. Nxd5 cxd5 9. Bd2 Nc6 10. Bb5 Bd7 11. Nf3 f6 12. 0-0 e6 13. Rfc1 Bd6 14. Be2 Kf7 15. Ne1 Rhc8 16. Nd3 Na5 17. Bc3 Bb5 18. Ne5+ Bxe5 19. Bxb5 Bd6 20. h3 Nc6 21. Kf1 Na7 22. Bd3 Nc6 23. Ke2 Nb4 24. a3 Nxd3 25. Kxd3 Rc6 26. f3 Rac8 27. Bd2 Rxc1 28. Rxc1 Rxc1 29. Bxc1 e5 30. e4 dxe4+ 31. fxe4 exd4 32. Kxd4 Ke6 33. a4 Bc5+ 34. Kd3 Kd6 35. Bf4+ Kc6 36. Kc4 Be7 37. b4 Kd7 38. Kb5 Bxb4 39. Kxb4 Kc6 40. Kc4 g6 41. g4 h5 42. Be3 Kd6 43. Bd4 1-0

[Event "Douglas IoM Major op"]
[Site "Douglas"]
[Date "2016.10.03"]
[Round "1"]
[White "Fisher, C Phillip"]
[Black "Thoday, Francis"]
[Result "1/2-1/2"]
[WhiteElo "1730"]
[BlackElo "1889"]
[PlyCount "41"]
[EventDate "2016.10.03"]
[EventType "swiss"]
[EventRounds "7"]
[EventCountry "IOM"]
[SourceTitle "EXT 2019"]
[Source "ChessBase"]
[SourceDate "2018.10.10"]
[SourceVersion "1"]
[SourceVersionDate "2018.10.10"]
[SourceQuality "1"]

1. e4 c5 2. Nf3 d6 3. d4 cxd4 4. Nxd4 Nf6 5. f3 g6 6. c4 Bg7 7. Nc3 0-0 8. Be3 Nc6 9. Be2 Bd7 10. 0-0 a6 11. Qd2 Rc8 12. Rac1 Re8 13. b3 Qa5 14. Rfd1 Nxd4 15. Bxd4 Qc7 16. Nd5 Nxd5 17. cxd5 Qb8 18. Bxg7 Kxg7 19. h4 Rxc1 20. Rxc1 Rc8 21. Rxc8 1/2-1/2

[Event "BCF-ch Seniors 65"]
[Site "Coventry"]
[Date "2015.08.01"]
[Round "6"]
[White "Fisher, C Phillip"]
[Black "Dean, Michael J"]
[Result "1/2-1/2"]
[WhiteElo "1742"]
[BlackElo "1557"]
[PlyCount "97"]
[EventDate "2015.07.27"]
[EventType "swiss"]
[EventRounds "6"]
[EventCountry "ENG"]
[SourceTitle "CBM 167 Extra"]
[Source "ChessBase"]
[SourceDate "2015.09.14"]
[SourceVersion "1"]
[SourceVersionDate "2015.09.14"]
[SourceQuality "1"]

1. e4 e5 2. d4 exd4 3. Qxd4 Nc6 4. Qe3 g6 5. Nc3 Bg7 6. Bd2 Nf6 7. e5 Ng4 8. Qe2 Nh6 9. 0-0-0 0-0 10. f4 Nd4 11. Qe4 Nc6 12. h3 a6 13. g4 Qe8 14. Nf3 d6 15. Nd5 Qd8 16. Bc3 Re8 17. Nd4 dxe5 18. Nxc6 bxc6 19. Nb6 Qe7 20. Nxa8 Bb7 21. Nxc7 Qxc7 22. Bg2 f5 23. Qc4+ Kh8 24. fxe5 Nf7 25. Rhe1 Nxe5 26. Bxe5 Bxe5 27. c3 fxg4 28. Qxg4 Bc8 29. Qc4 Bf5 30. Be4 Bxh3 31. Bxg6 Bf4+ 32. Kc2 Rxe1 33. Rxe1 hxg6 34. Re8+ Kg7 35. Qg8+ Kf6 36. Rf8+ Kg5 37. b3 Bf5+ 38. Kb2 Be3 39. Rf7 Qh2+ 40. Ka3 Qd6+ 41. b4 Be6 42. Qf8 Bc1+ 43. Ka4 Qd5 44. Qe7+ Kg4 45. c4 Qd1+ 46. Ka5 Bxf7 47. Qxf7 Bf4 48. Qe6+ Kg5 49. Qxc6 1/2-1/2

[Event "BCF-ch Seniors"]
[Site "Aberystwyth"]
[Date "2014.07.30"]
[Round "5"]
[White "Fisher, C Phillip"]
[Black "Moore, Gerald C"]
[Result "0-1"]
[WhiteElo "1850"]
[BlackElo "2212"]
[PlyCount "56"]
[EventDate "2014.07.26"]
[EventType "swiss"]
[EventRounds "7"]
[EventCountry "WLS"]
[SourceTitle "EXT 2017"]
[Source "ChessBase"]
[SourceDate "2016.10.25"]
[SourceVersion "1"]
[SourceVersionDate "2016.10.25"]
[SourceQuality "1"]

1. e4 g6 2. d4 Bg7 3. Nc3 d6 4. f4 Nf6 5. Nf3 0-0 6. Be3 Nbd7 7. Qd2 c5 8. 0-0-0 Ng4 9. e5 Nxe3 10. Qxe3 cxd4 11. Rxd4 Qa5 12. Rd5 Qb6 13. Qd2 dxe5 14. Nxe5 Nxe5 15. fxe5 Be6 16. Rb5 Qc7 17. Nd5 Bxd5 18. Qxd5 Rad8 19. Qf3 a6 20. Rd5 Rxd5 21. Qxd5 Rd8 22. Qf3 Qxe5 23. Bd3 Qxb2+ 24. Kd2 Bh6+ 25. Ke2 Rd6 26. Qg3 Re6+ 27. Kf2 Qd4+ 28. Kf1 Qa1+ 0-1